000 00311nam a22001097a 4500
008 230621b xxu||||| |||| 00| 0 eng d
082 _a328.3
_bCPA 1970
245 _aSeventh Carribean Regional Conference
260 _aGrenada
_bCommonwealth Parliamentary Association
_c1970
300 _aXVI,192p
942 _2ddc
_cBK
999 _c2173
_d2173